|
|
|
|
| LEADER |
00000cam a2200000 a 4500 |
| 001 |
vtls001414848 |
| 003 |
SK-MaSNL |
| 005 |
20260301012602.0 |
| 008 |
240314s2001 xo gr 000 p slo |
| 015 |
|
|
|a SNBA2001/08-02951
|
| 020 |
|
|
|a 8088965268
|
| 035 |
|
|
|a SNK000369581
|
| 035 |
|
|
|a urn:nbn:sk:snk-amjd0q
|
| 035 |
|
|
|a urn:nbn:sk:snk-am002kv1
|
| 035 |
|
|
|a DE52D4AD-BC88-42E6-9069-A40489BCB3A0
|
| 040 |
|
|
|a SNK
|b slo
|c SNK
|e AACR2
|
| 041 |
0 |
|
|a slo
|
| 044 |
|
|
|a xo
|c SK
|
| 080 |
|
|
|a 885.4-1
|2 1981
|
| 100 |
1 |
|
|a Haugová, Mila,
|d 1942-
|4 aut
|9 90543
|
| 245 |
1 |
0 |
|a Atlas piesku
|c Mila Haugová
|
| 260 |
|
|
|a Banská Bystrica
|b Drewo a srd
|c 2001
|
| 300 |
|
|
|a 89 s.
|c 19 cm
|
| 655 |
|
7 |
|a slovenská poézia
|2 SNKPH
|9 70444
|
| 852 |
|
|
|a Slovenská národná knižnica
|
| 919 |
|
|
|a 80-88965-26-8
|
| 958 |
|
|
|a TL
|
| 958 |
|
|
|a LX
|
| 999 |
|
|
|c 553913
|d 555843
|
| 952 |
|
|
|t P60, <04>, [BOOK], {604}
|a SNK
|b SNK
|y VYP
|7 0
|p 17A0303949
|o snkSD 71586 D1
|i snkKSP 7263/2001
|0 0
|1 0
|4 0
|d 2001-06-13
|f 1
|l 0
|r 2005-01-02 00:00:00
|w 2026-02-23
|
| 952 |
|
|
|t P60, <03>, [BOOK], {603}
|a SNK
|b SNK
|y PREZ
|7 0
|p 17A0303948
|o snkSD 71586
|i snkKSP 7262/2001
|0 0
|1 0
|4 0
|d 2001-06-13
|l 0
|r 2005-01-02 00:00:00
|w 2026-02-23
|